<?xml version="1.0" encoding="UTF-8"?><?xml-stylesheet type="text/xsl" href="static/style.xsl"?><OAI-PMH xmlns="http://www.openarchives.org/OAI/2.0/" xmlns:xsi="http://www.w3.org/2001/XMLSchema-instance" xsi:schemaLocation="http://www.openarchives.org/OAI/2.0/ http://www.openarchives.org/OAI/2.0/OAI-PMH.xsd"><responseDate>2026-04-27T20:23:31Z</responseDate><request verb="GetRecord" identifier="oai:uvadoc.uva.es:10324/48706" metadataPrefix="marc">https://uvadoc.uva.es/oai/request</request><GetRecord><record><header><identifier>oai:uvadoc.uva.es:10324/48706</identifier><datestamp>2021-09-27T06:39:13Z</datestamp><setSpec>com_10324_38</setSpec><setSpec>col_10324_852</setSpec></header><metadata><record xmlns="http://www.loc.gov/MARC21/slim" xmlns:doc="http://www.lyncode.com/xoai" xmlns:xsi="http://www.w3.org/2001/XMLSchema-instance" xmlns:dcterms="http://purl.org/dc/terms/" xsi:schemaLocation="http://www.loc.gov/MARC21/slim http://www.loc.gov/standards/marcxml/schema/MARC21slim.xsd">
<leader>00925njm 22002777a 4500</leader>
<datafield tag="042" ind1=" " ind2=" ">
<subfield code="a">dc</subfield>
</datafield>
<datafield tag="720" ind1=" " ind2=" ">
<subfield code="a">Gutiérrez Carbonero, Celia</subfield>
<subfield code="e">author</subfield>
</datafield>
<datafield tag="260" ind1=" " ind2=" ">
<subfield code="c">2021</subfield>
</datafield>
<datafield tag="520" ind1=" " ind2=" ">
<subfield code="a">El presente trabajo aborda el género musical del trap como parte de un fenómeno &#xd;
cultural y mediático que ha logrado trascender e influir a distintas esferas del ámbito &#xd;
cultural español. El trap, estilo musical procedente de Estados Unidos, ha visto su mayor &#xd;
evolución en los distintos países de habla hispana. La siguiente disertación comenzará &#xd;
mediante una investigación acerca de sus orígenes y la evolución en los tres territorios &#xd;
dónde su desarrollo ha sido mayor: Estados Unidos, Latinoamérica y España. Para &#xd;
analizar con mayor precisión las piezas musicales seleccionadas se hará una introducción &#xd;
analítica de los aspectos culturales que indicen en el trap y sus referencias artísticas. &#xd;
Además, se investigará sobre su vinculación, desde una perspectiva filosófica y &#xd;
sociológica, con la cultura capitalista gracias a la obra de Ernesto Castro y Jean &#xd;
Baudrillard.</subfield>
</datafield>
<datafield tag="024" ind2=" " ind1="8">
<subfield code="a">https://uvadoc.uva.es/handle/10324/48706</subfield>
</datafield>
<datafield tag="245" ind1="0" ind2="0">
<subfield code="a">La estética y la iconografía artística en la música contemporánea: el caso del Trap</subfield>
</datafield>
</record></metadata></record></GetRecord></OAI-PMH>